Analysis of Job Security and Financial Stability of Households During COVID-19 in Slovakia and Europe
Analýza pracovnej istoty a finančnej stability domácností počas COVID-19 na Slovensku a v Európe. Porovnanie pracovných miest a finančnej situácie Slovenska so situáciou v ďalších 26 krajinách EÚ počas rôznych fáz pandémie COVID-19.
Salvato in:
| Autore principale: | |
|---|---|
| Natura: | Capitolo di libro |
| Lingua: | inglese |
| Soggetti: | |
| Tags: |
Nessun Tag, puoi essere il primo ad aggiungerne!!
|
MARC
| LEADER | 00000naa$a2200000$$$4500 | ||
|---|---|---|---|
| 001 | 0283821 | ||
| 005 | 20251210102121.8 | ||
| 041 | 0 | |a eng | |
| 044 | |a SK | ||
| 245 | 1 | 0 | |a Analysis of Job Security and Financial Stability of Households During COVID-19 in Slovakia and Europe |c Paulína Kaselyová |
| 520 | |a Analýza pracovnej istoty a finančnej stability domácností počas COVID-19 na Slovensku a v Európe. Porovnanie pracovných miest a finančnej situácie Slovenska so situáciou v ďalších 26 krajinách EÚ počas rôznych fáz pandémie COVID-19. | ||
| 610 | 2 | 0 | |a stabilita finančná |
| 610 | 2 | 0 | |a bezpečnosť finančná |
| 610 | 2 | 0 | |a miesta pracovné |
| 610 | 2 | 0 | |a domácnosti |
| 610 | 2 | 0 | |a koronavírus |
| 610 | 2 | 0 | |a pandémia |
| 610 | 2 | 0 | |a Slovensko |
| 610 | 2 | 0 | |a Európa |
| 100 | 1 | |a Kaselyová, Paulína, 1995- | |